00201nam a2200073Ia 4500082001600000245001900016100005100035008004100086 aSWA KF OOST 0aUta kutohlala  a GROENEWALD, Catherine Somerset West, 2007 210817s9999 xx 000 0 und d